000 00366nam a22001457a 4500
003 OSt
005 20160727222416.0
008 160625b xxu||||| |||| 00| 0 eng d
040 _cTEST
100 _91135
_aLasher, W
245 _aHow you can a better Job
260 _aCHICAGO
_bAMERICAN TECHNICAL SOCIETY
_c1954
300 _aHow you can a better Job
942 _2ddc
_cBK
999 _c918
_d918